02148agaaa2200313 45000010005000000030009000050050017000140070009000310080040000400400023000800410013001031000051001161300023001672450227001902500022004172600111004393000034005505080213005845110087007975200528008845380016014125460013014286500069014417000065015107000063015757000069016387000061017077000066017688777IT-RoPAU20220918181244.0d cvaizq50131s9999||||xx ||| | || ||und|| aIT-RoPAUcIT-RoPAU aITALIANO aCastellacci PierogCodice regista SPICS: 23788 aFORZA VENITE GENTE aFORZA VENITE GENTEcProdotto da: Club Teatro Musica -- Sceneggiatura: Michele Paulicelli, Castellacci Mario E Piero, Piero Palumbo -- Diretto da: Castellacci PieropFORZA VENITE GENTE (Rif. Codice opera principale : G8777) aEdizione Standard aROMA (ITALIA)bBMG RICORDI - PAOLINE / Distribuzione: RAIg"2000 (1° ed.: 2000 ; Ed. Lingua Orig.: 1981)" aVHSbsonoro, col.c113 minuti a"Fotografia: Carlo Mancini; Musica: Paulicelli Michele; Sceneggiatura: Michele Paulicelli, Castellacci Mario E Piero, Piero Palumbo; Coreografia: Bice Minori; Soggetto: Castellacci Mario -- Castellacci Piero" a"Michele; Paulicelli; Carlo; Conversi; Silvia; Gigli; Barbara; Coppola; A.; Oliva" aREGISTRAZIONE DA PIAZZA SAN GIOVANNI IN LATERANO-ROMA. CON OLTRE 2000 REPLICHE IN ITALIA, FORZA VENITE GENTE E' LA STORIA DI FRANCESCO D'ASSISI, CON PARTICOLARE RIGUARDO AGLI ASPETTI PIU' LIETI DELLA SUA PREDICAZIONE: SPERANZA, FEDE NELLA VITA, AMORE PER LA NATURA. LO SPETTACOLO TRADUCE IN TERMINI ATTUALI L'ETERNO CONFLITTO TRA PADRI E FIGLI, TRA RAGIONE E FEDE, TRA MESCHINA PRUDENZA E GENEROSO CORAGGIO. NUOVA EDIZIONE DELLO SPETTACOLO CHE SI REPLICA ORMAI DA 20 ANNI. DISTRIBUZIONE MULTIMEDIA SAN PAOLO. FILM A COLORI. aPAL, STEREO aITALIANO aMUSICALeTV-PROGRAMMI MUSICALI [VHS]xCodice MATERIA SPICS: 9965 aCastellacci Mario e(soggetto)gCodice Soggetto SPICS: 11505 aCastellacci Piero e(regista)gCodice regista SPICS: 23788 aCastellacci Piero e(soggetto)gCodice Soggetto 2° SPICS: 23788 aPaulicelli Michelee(musica)gCodice Musica SPICS: 11061 aRoggero Carloe(regista)gCodice secondo regista SPICS: 55939